000 00531nam a22002057a 4500
008 150508b xxu||||| |||| 00| 0 eng d
020 _a9780078110849
020 _a007811084X
041 0 _aeng
080 _a658.15
100 1 _aWild, John J.
245 1 0 _aManagerial accounting /
_cJohn J. Wild, Ken W. Shaw.
250 _a3rd ed.
260 _aNew York, NY :
_bMcGraw-Hill/Irwin,
_c2012.
300 _a529 f.:
_bme il.;
_c28 cm.
650 0 _aKontabilitet
650 0 _aFinanca
700 1 _aShaw, Ken W.
942 _2udc
_cBK
999 _c714
_d714